LEADER 01629nam a2200277 i 4500 001 000000079304 003 CaOOAMICUS 005 20170331000000.0 008 170331s1829 xx u000 u fre u 013 $a51541 026 $as-es s.it inr- deas (3) 1829 (A) 040 $aSeMil$bita 100 1 $aSchnitzler, Jean-Henri <1802-1871>.$0(OLS)http://semarc/name/91208 245 10$aEssai d'une statistique générale de l'empire de Russie :$baccompagnée d'aperçus historiques /$cpar J. H. Schnitzler. 260 $aSaint-Pétersbourg :$bChez J. Brieff, libraire éditeur, commissionnaire des théâtres impériaux et de l'Université de Kharkov,$c1829. 260 $aParis :$bChez F. G. Levrault, rue de la Harpe n. 8, Strasbourg, même maison, rue des Juifs,$c1829. 300 $aXXXVI, 494 p., [3] carte di tav. ripieg. ;$c18 cm. 650 4$aRussia - Insegnamento - Sec. 19.$0(OLS)http://semarc/subject/45232 650 4$aRussia - Sec. 19.$0(OLS)http://semarc/subject/45233 850 $aSeMil 852 $aSeMil$W1$xVenegono$y1$m3S II 96 FA$j45041$B45041$CSeMilBibl$Z2$F46900 $8I 941 1 $a10 961 $aRecupero: Mantegazza 996 $6245$aEssai d'une statistique générale de l'empire de Russie :$baccompagnée d'aperçus historiques$9(OLS)http://semarc/title/403290 996 $6260$aParis :$bChez F. G. Levrault, rue de la Harpe n. 8, Strasbourg, même maison, rue des Juifs$9(OLS)http://semarc/publisher/56438 996 $6260$aSaint-Pétersbourg :$bChez J. Brieff, libraire éditeur, commissionnaire des théâtres impériaux et de l'Université de Kharkov$9(OLS)http://semarc/publisher/56439 LEADER 00733nam a2200193 i 4500 001 000000085941 003 CaOOAMICUS 005 20140122000000.0 008 140122s1980 it u000 u ita u 013 $a58181 040 $aSeMil$bita 245 10$aDizionario Garzanti della lingua italiana. 260 $aMilano :$bGarzanti,$c1980. 300 $a994 p. ;$c18 cm. 650 4$aLingua italiana - Dizionari, vocabolari, glossari, etc.$0(OLS)http://semarc/subject/705 850 $aSeMil 852 $aSeMil$W1$xVenegono$y1$m1P I 23$j245681$B49749$CSeMilBibl$Z2$F53540 $8I 996 $6245$aDizionario Garzanti della lingua italiana$9(OLS)http://semarc/title/132387 996 $6260$aMilano :$bGarzanti$9(OLS)http://semarc/publisher/29852